American English 1. Book 1. Tasks 1-24
Salvato in:
| Natura: | Libro |
|---|---|
| Lingua: | inglese |
| Pubblicazione: |
Praha :
ÚLEHLA,
1990
|
| Soggetti: | |
| Tags: |
Nessun Tag, puoi essere il primo ad aggiungerne!!
|
MARC
| LEADER | 00000nam a22000003a 4500 | ||
|---|---|---|---|
| 001 | stu34261 | ||
| 005 | 20150408180847.2 | ||
| 008 | 920311s1990----cs------------------eng-d | ||
| 040 | |a STU |b slo | ||
| 041 | 0 | |a eng | |
| 044 | |a cs | ||
| 080 | |a 802.0(075) | ||
| 245 | |a American English 1. Book 1. Tasks 1-24 | ||
| 260 | |a Praha : |b ÚLEHLA, |c 1990 | ||
| 300 | |a 149 s | ||
| 650 | 7 | |a Angličtina americká |2 stusub | |
| 996 | |b 284M051228 |c M*7664/1-1 |l MMKN |s A |a 24 |w stu34261_0001 | ||
| 996 | |b 284M017202 |c M*7664/1-2 |l MMKN |s A |a 24 |w stu34261_0002 | ||
| 996 | |b 284M054002 |c M*7664/1-3 |l MMKN |s A |a 24 |w stu34261_0003 | ||
| 996 | |b 284M017201 |c M*7664/1-4 |l MMKN |s A |a 24 |w stu34261_0004 | ||
| 996 | |b 284M017203 |c M*7664/1-5 |l MMKN |s A |a 24 |w stu34261_0005 | ||